Feminist post-development thought: Rethinking modernity, postcolonialism& representation (Record no. 1387118)

MARC details
000 -LEADER
fixed length control field 00612nam a2200205Ia 4500
005 - DATE AND TIME OF LATEST TRANSACTION
control field 20250508164119.0
008 - FIXED-LENGTH DATA ELEMENTS--GENERAL INFORMATION
fixed length control field 008 250505s9999 xx 000 0 eng d
020 ## - INTERNATIONAL STANDARD BOOK NUMBER
International Standard Book Number 1 85649 947 2
037 ## - SOURCE OF ACQUISITION
Stock number Textual
040 ## - CATALOGING SOURCE
Original cataloging agency FEDL
Language of cataloging eng
Transcribing agency FEDL
041 ## - LANGUAGE CODE
Language code of text/sound track or separate title eng
Source of code eng
084 ## - COLON CLASSIFICATION NUMBER
Classification number 305.4, SAU
Assigning agency FEDL
100 ## - MAIN ENTRY--PERSONAL NAME
Personal name Saunders Kriemild Ed.
9 (RLIN) 602904
245 #0 - TITLE STATEMENT
Title Feminist post-development thought: Rethinking modernity, postcolonialism& representation
260 ## - PUBLICATION, DISTRIBUTION, ETC.
Place of publication, distribution, etc. London, UK
Name of publisher, distributor, etc. Zed Books
Date of publication, distribution, etc. 2002
300 ## - PHYSICAL DESCRIPTION
Extent xv,368p.
365 ## - TRADE PRICE
Price type code GBP
Price amount 15.95
942 ## - ADDED ENTRY ELEMENTS (KOHA)
Koha item type Textual
Classification part 305.4, SAU
Holdings
Withdrawn status Lost status Damaged status Not for loan Home library Current library Date acquired Cost, normal purchase price Total Checkouts Full call number Barcode Date last seen Price effective from Koha item type
        Department of Education Library Department of Education Library 2025-05-08 15.95   305.4, SAU EL0080736 2025-05-08 2025-05-08 Textual
Copyright @ Delhi University Library System